<?xml version="1.0" encoding="UTF-8"?>
<record
    xmlns:xsi="http://www.w3.org/2001/XMLSchema-instance"
    xsi:schemaLocation="http://www.loc.gov/MARC21/slim http://www.loc.gov/standards/marcxml/schema/MARC21slim.xsd"
    xmlns="http://www.loc.gov/MARC21/slim">

  <leader>00430nam a22001337a 4500</leader>
  <controlfield tag="008">230711b        |||||||| |||| 00| 0 eng d</controlfield>
  <datafield tag="020" ind1=" " ind2=" ">
    <subfield code="a">9789998094703</subfield>
  </datafield>
  <datafield tag="082" ind1=" " ind2=" ">
    <subfield code="a">300.72</subfield>
  </datafield>
  <datafield tag="100" ind1=" " ind2=" ">
    <subfield code="a">Phanchung S Chitra, Tshering Choden, Tshering Om Tamang, Pema Choezom</subfield>
  </datafield>
  <datafield tag="245" ind1=" " ind2=" ">
    <subfield code="a">Reaching new heights through policy research and practice</subfield>
  </datafield>
  <datafield tag="260" ind1=" " ind2=" ">
    <subfield code="b">Institute for GNH Studies,</subfield>
    <subfield code="c">November, 2020</subfield>
  </datafield>
  <datafield tag="300" ind1=" " ind2=" ">
    <subfield code="a">110 p.</subfield>
    <subfield code="c">24.5 cm</subfield>
  </datafield>
  <datafield tag="942" ind1=" " ind2=" ">
    <subfield code="2">ddc</subfield>
  </datafield>
  <datafield tag="999" ind1=" " ind2=" ">
    <subfield code="c">9605</subfield>
    <subfield code="d">9606</subfield>
  </datafield>
  <datafield tag="952" ind1=" " ind2=" ">
    <subfield code="0">0</subfield>
    <subfield code="1">0</subfield>
    <subfield code="2">ddc</subfield>
    <subfield code="4">0</subfield>
    <subfield code="7">0</subfield>
    <subfield code="8">PERIODICALS</subfield>
    <subfield code="a">RTCLIB</subfield>
    <subfield code="b">RTCLIB</subfield>
    <subfield code="c">PERIODICALS</subfield>
    <subfield code="d">2023-07-11</subfield>
    <subfield code="h">177503</subfield>
    <subfield code="o">300.72 CHI c.1</subfield>
    <subfield code="p">30018122</subfield>
    <subfield code="r">2023-07-11 00:00:00</subfield>
    <subfield code="w">2023-07-11</subfield>
    <subfield code="y">PERIODICAL</subfield>
  </datafield>
  <datafield tag="952" ind1=" " ind2=" ">
    <subfield code="0">0</subfield>
    <subfield code="1">0</subfield>
    <subfield code="2">ddc</subfield>
    <subfield code="4">0</subfield>
    <subfield code="7">0</subfield>
    <subfield code="8">PERIODICALS</subfield>
    <subfield code="a">RTCLIB</subfield>
    <subfield code="b">RTCLIB</subfield>
    <subfield code="c">PERIODICALS</subfield>
    <subfield code="d">2023-07-11</subfield>
    <subfield code="h">177504</subfield>
    <subfield code="o">300.72 CHI c.2</subfield>
    <subfield code="p">30018152</subfield>
    <subfield code="r">2023-07-11 00:00:00</subfield>
    <subfield code="w">2023-07-11</subfield>
    <subfield code="y">PERIODICAL</subfield>
  </datafield>
  <datafield tag="952" ind1=" " ind2=" ">
    <subfield code="0">0</subfield>
    <subfield code="1">0</subfield>
    <subfield code="2">ddc</subfield>
    <subfield code="4">0</subfield>
    <subfield code="7">0</subfield>
    <subfield code="8">PERIODICALS</subfield>
    <subfield code="a">RTCLIB</subfield>
    <subfield code="b">RTCLIB</subfield>
    <subfield code="c">PERIODICALS</subfield>
    <subfield code="d">2023-07-11</subfield>
    <subfield code="h">177505</subfield>
    <subfield code="o">300.72 CHI c.3</subfield>
    <subfield code="p">30017932</subfield>
    <subfield code="r">2023-07-11 00:00:00</subfield>
    <subfield code="w">2023-07-11</subfield>
    <subfield code="y">PERIODICAL</subfield>
  </datafield>
  <datafield tag="952" ind1=" " ind2=" ">
    <subfield code="0">0</subfield>
    <subfield code="1">0</subfield>
    <subfield code="2">ddc</subfield>
    <subfield code="4">0</subfield>
    <subfield code="7">0</subfield>
    <subfield code="8">PERIODICALS</subfield>
    <subfield code="a">RTCLIB</subfield>
    <subfield code="b">RTCLIB</subfield>
    <subfield code="c">PERIODICALS</subfield>
    <subfield code="d">2023-07-11</subfield>
    <subfield code="h">177506</subfield>
    <subfield code="l">1</subfield>
    <subfield code="o">300.72 CHI c.4</subfield>
    <subfield code="p">30018167</subfield>
    <subfield code="r">2024-08-07 00:00:00</subfield>
    <subfield code="s">2024-08-07</subfield>
    <subfield code="w">2023-07-11</subfield>
    <subfield code="y">PERIODICAL</subfield>
  </datafield>
  <datafield tag="952" ind1=" " ind2=" ">
    <subfield code="0">0</subfield>
    <subfield code="1">0</subfield>
    <subfield code="2">ddc</subfield>
    <subfield code="4">0</subfield>
    <subfield code="7">0</subfield>
    <subfield code="8">PERIODICALS</subfield>
    <subfield code="a">RTCLIB</subfield>
    <subfield code="b">RTCLIB</subfield>
    <subfield code="c">PERIODICALS</subfield>
    <subfield code="d">2023-07-11</subfield>
    <subfield code="h">177507</subfield>
    <subfield code="o">300.72 CHI c.5</subfield>
    <subfield code="p">30018168</subfield>
    <subfield code="r">2023-07-11 00:00:00</subfield>
    <subfield code="w">2023-07-11</subfield>
    <subfield code="y">PERIODICAL</subfield>
  </datafield>
  <datafield tag="952" ind1=" " ind2=" ">
    <subfield code="0">0</subfield>
    <subfield code="1">0</subfield>
    <subfield code="2">ddc</subfield>
    <subfield code="4">0</subfield>
    <subfield code="7">0</subfield>
    <subfield code="8">PERIODICALS</subfield>
    <subfield code="a">RTCLIB</subfield>
    <subfield code="b">RTCLIB</subfield>
    <subfield code="c">PERIODICALS</subfield>
    <subfield code="d">2023-07-11</subfield>
    <subfield code="h">177508</subfield>
    <subfield code="o">300.72 CHI c.6</subfield>
    <subfield code="p">30018182</subfield>
    <subfield code="r">2023-07-11 00:00:00</subfield>
    <subfield code="w">2023-07-11</subfield>
    <subfield code="y">PERIODICAL</subfield>
  </datafield>
  <datafield tag="952" ind1=" " ind2=" ">
    <subfield code="0">0</subfield>
    <subfield code="1">0</subfield>
    <subfield code="2">ddc</subfield>
    <subfield code="4">0</subfield>
    <subfield code="7">0</subfield>
    <subfield code="8">PERIODICALS</subfield>
    <subfield code="a">RTCLIB</subfield>
    <subfield code="b">RTCLIB</subfield>
    <subfield code="c">PERIODICALS</subfield>
    <subfield code="d">2023-07-11</subfield>
    <subfield code="h">177509</subfield>
    <subfield code="o">300.72 CHI c.7</subfield>
    <subfield code="p">30018741</subfield>
    <subfield code="r">2023-07-11 00:00:00</subfield>
    <subfield code="w">2023-07-11</subfield>
    <subfield code="y">PERIODICAL</subfield>
  </datafield>
  <datafield tag="952" ind1=" " ind2=" ">
    <subfield code="0">0</subfield>
    <subfield code="1">0</subfield>
    <subfield code="2">ddc</subfield>
    <subfield code="4">0</subfield>
    <subfield code="7">0</subfield>
    <subfield code="8">PERIODICALS</subfield>
    <subfield code="a">RTCLIB</subfield>
    <subfield code="b">RTCLIB</subfield>
    <subfield code="c">PERIODICALS</subfield>
    <subfield code="d">2023-07-11</subfield>
    <subfield code="h">177510</subfield>
    <subfield code="o">300.72 CHI c.8</subfield>
    <subfield code="p">30018140</subfield>
    <subfield code="r">2023-07-11 00:00:00</subfield>
    <subfield code="w">2023-07-11</subfield>
    <subfield code="y">PERIODICAL</subfield>
  </datafield>
  <datafield tag="952" ind1=" " ind2=" ">
    <subfield code="0">0</subfield>
    <subfield code="1">0</subfield>
    <subfield code="2">ddc</subfield>
    <subfield code="4">0</subfield>
    <subfield code="7">0</subfield>
    <subfield code="8">PERIODICALS</subfield>
    <subfield code="a">RTCLIB</subfield>
    <subfield code="b">RTCLIB</subfield>
    <subfield code="c">PERIODICALS</subfield>
    <subfield code="d">2023-07-11</subfield>
    <subfield code="h">177512</subfield>
    <subfield code="o">300.72 CHI c.9</subfield>
    <subfield code="p">30018139</subfield>
    <subfield code="r">2023-07-11 00:00:00</subfield>
    <subfield code="w">2023-07-11</subfield>
    <subfield code="y">PERIODICAL</subfield>
  </datafield>
  <datafield tag="952" ind1=" " ind2=" ">
    <subfield code="0">0</subfield>
    <subfield code="1">0</subfield>
    <subfield code="2">ddc</subfield>
    <subfield code="4">0</subfield>
    <subfield code="7">0</subfield>
    <subfield code="8">PERIODICALS</subfield>
    <subfield code="a">RTCLIB</subfield>
    <subfield code="b">RTCLIB</subfield>
    <subfield code="c">PERIODICALS</subfield>
    <subfield code="d">2023-07-11</subfield>
    <subfield code="h">177513</subfield>
    <subfield code="o">300.72 CHI c.10</subfield>
    <subfield code="p">30018545</subfield>
    <subfield code="r">2023-07-11 00:00:00</subfield>
    <subfield code="w">2023-07-11</subfield>
    <subfield code="y">PERIODICAL</subfield>
  </datafield>
</record>
